书目信息 |
| 题名: |
现代生物科学仪器分析入门
|
|
| 作者: | 徐金森 | |
| 分册: | ||
| 出版信息: | 北京 化学工业出版社 2004 |
|
| 页数: | 196 | |
| 开本: | 23cm | |
| 丛书名: | 生物实验室系列 | |
| 单 册: | ||
| 中图分类: | TH79 | |
| 科图分类: | ||
| 主题词: | 生物学--仪器 , 农林科学仪器 | |
| 电子资源: | ||
| ISBN: | 7-5025-5477-7 | |
| 000 | 00623nam0 2200217 450 | |
| 001 | 0741144344 | |
| 005 | 20070817112544.34 | |
| 010 | @a7-5025-5477-7@d¥28.00 | |
| 100 | @a20070817d km y0chiy0120 ea | |
| 101 | 0 | @achi |
| 200 | 1 | @a现代生物科学仪器分析入门@Axian dai sheng wu ke xue yi qi fen xi ru men@f徐金森@Fxu jin sen |
| 210 | @a北京@c化学工业出版社@d2004 | |
| 215 | @a196@d23cm | |
| 225 | 2 | @a生物实验室系列 |
| 410 | 0 | @12001 @a生物实验室系列 |
| 606 | 0 | @a生物学@x仪器 |
| 606 | 0 | @a农林科学仪器 |
| 690 | @aTH79@v3 | |
| 701 | 0 | @a徐金森@Axu jin sen |
| 801 | 0 | @aCN@bPFT@c20070817 |
| 905 | @a213230@dTH79@en1@f1 | |
| 现代生物科学仪器分析入门/徐金森.-北京:化学工业出版社,2004 |
| 196;23cm.-(生物实验室系列) |
| ISBN 7-5025-5477-7:¥28.00 |
| ● |
| 相关链接 |
|
|
|
|
正题名:现代生物科学仪器分析入门
索取号:TH79/n1
 
预约/预借
| 序号 | 登录号 | 条形码 | 馆藏地/架位号 | 状态 | 备注 |
| 1 | 6601120 | 266011200 | 密集书库-生命科学系/ [索取号:TH79/n1] | 在馆 | |
| 2 | 6601266 | 266012664 | 密集书库-生命科学系/ [索取号:TH79/n1] | 在馆 |